000 00532nam a2200181Ia 4500
003 GCL
008 140319s9999 xx 000 0 ara d
040 _aGCL /
_cGCL
082 0 4 _a070
_bم ص
100 1 _aمحمد سيد محمد
245 1 0 _aالصحافة بين التاريخ والادب /
_cمحمد سيد محمد
300 _a151 ص
490 _aالهيئة العامة للاستعلامات
_v0
650 0 4 _aالادب
650 0 4 _aالصحافة
650 0 4 _aالصحافة - تاريخ
942 _2ddc
_cBK
999 _c48406
_d48406